• 首页
  • 本馆介绍
  • 公告通知
  • 最新文献
  • 馆藏检索
  • 电子资源
  • 读者导购
  • 参考咨询
  • 我的图书馆
  • 登录
  • 详细信息显示
  • 放入我的书架
  • 预约/预借图书
  • 作者相关作品
  • 分类相关作品
  • 丛书相关作品
  • 出版社相关作品

书目信息

  • 表格格式
  • 工作单格式
  • 卡片格式
题名:
海域空间层叠利用的用海兼容性研究
    
 
作者: 赵琪, 著
分册:  
出版信息: 北京   人民日报出版社  2018
页数: 222页
开本: 25cm
丛书名: 人民日报学术文库
单 册:
中图分类: P756.8
科图分类:
主题词: 海洋--hai yang--空间利用--研究--中国
电子资源:
ISBN: 978-7-5115-5113-9
000 01232nam 2200289 450
001 012001001464
005 20140108111217.0
010    @a978-7-5115-5113-9@b精装@dCNY68.00
099    @aCAL 012018039933
100    @a20180320d2018 em y0chiy50 ea
101 0  @achi
102    @aCN@b110000
105    @aak a 000yy
106    @ar
200 1  @a海域空间层叠利用的用海兼容性研究@Ahai yu kong jian ceng die li yong de yong hai jian rong xing yan jiu@f赵琪著
210    @a北京@c人民日报出版社@d2018
215    @a222页@c图@d25cm
225 2  @a人民日报学术文库@Aren min ri bao xue shu wen ku
300    @a山东省高等学校科学技术计划项目 (J15LD52)
320    @a有书目 (第152-165页)
330    @a本书是一本学术著作。本书首先阐述了我国海域空间利用的现状, 然后从层叠用海立体功能区的划分出发, 研究了基于主导功能的用海优序的确定方法, 构建了基于叠置分析的海域空间层叠利用立体功能区划模型, 研究利用空间叠置分析方法, 完成层叠用海兼容方案。同时在做层叠用海兼容性的实证研究时选择青岛市胶州湾为实证分析对象。
410  0 @12001 @a人民日报学术文库
606 0  @a海洋@Ahai yang@x空间利用@x研究@y中国
690    @aP756.8@v5
701  0 @a赵琪,@Azhao qi@f1977-@4著
801  0 @aCN@b北京卓展@c20191020
905    @b1201960-1@dP756.8@e110@f2
    
    海域空间层叠利用的用海兼容性研究/赵琪著.-北京:人民日报出版社,2018
    222页:图;25cm.-(人民日报学术文库)
    山东省高等学校科学技术计划项目 (J15LD52)
    
    ISBN 978-7-5115-5113-9(精装):CNY68.00
    本书是一本学术著作。本书首先阐述了我国海域空间利用的现状, 然后从层叠用海立体功能区的划分出发, 研究了基于主导功能的用海优序的确定方法, 构建了基于叠置分析的海域空间层叠利用立体功能区划模型, 研究利用空间叠置分析方法, 完成层叠用海兼容方案。同时在做层叠用海兼容性的实证研究时选择青岛市胶州湾为实证分析对象。
●
相关链接 在E读中查询图书 在五车中查询图书 在当当中查询图书 在豆瓣中查询图书


正题名:海域空间层叠利用的用海兼容性研究     索取号:P756.8/110         预约/预借

序号 登录号 条形码 馆藏地/架位号 状态 备注
1 1201960   212019607   第二样本阅览室/ [索取号:P756.8/110] 在馆    
2 1201961   212019616   第三借阅区/ [索取号:P756.8/110] 在馆    
唐山师范学院图书馆 欢迎您!
大连网信软件有限公司© 版权所有